书目信息 |
| 题名: |
英语高级口译复习大全
|
|
| 作者: | 康志峰 , 丁卫国 编著 | |
| 分册: | ||
| 出版信息: | 上海 华东理工大学出版社 2001.09 |
|
| 页数: | 289页 | |
| 开本: | 26cm | |
| 丛书名: | "上海市紧缺人才培训工程"教学系列 | |
| 单 册: | ||
| 中图分类: | H315.9 | |
| 科图分类: | ||
| 主题词: | 英语 | |
| 电子资源: | ||
| ISBN: | 7-5628-1191-1 | |
| 000 | 00730nam0 2200229 45 | |
| 001 | 0459456520 | |
| 005 | 2004051216305618 | |
| 010 | @a7-5628-1191-1@dCNY 14.00 | |
| 100 | @a20040512d2001 km y0chiy0120 ea | |
| 101 | 0 | @achi |
| 102 | @aCN@b310000 | |
| 200 | 1 | @a英语高级口译复习大全@AYing Yu Gao Ji Kou Yi Fu Xi Da Quan@f康志峰,丁卫国编著@FKang Zhi Feng,Ding Wei Guo Bian Zhu |
| 210 | @a上海@c华东理工大学出版社@d2001.09 | |
| 215 | @a289页@d26cm | |
| 225 | 2 | @a"上海市紧缺人才培训工程"教学系列 |
| 410 | 0 | @12001 @a"上海市紧缺人才培训工程"教学系列 |
| 606 | 0 | @a英语 |
| 690 | @aH315.9@v4 | |
| 701 | 0 | @a康志峰@AKang Zhi Feng@4编著 |
| 701 | 0 | @a丁卫国@ADing Wei Guo@4编著 |
| 801 | 0 | @aCN@bPFT@c20040512 |
| 905 | @dH315.9@eK2911 | |
| 英语高级口译复习大全/康志峰,丁卫国编著.-上海:华东理工大学出版社,2001.09 |
| 289页;26cm.-("上海市紧缺人才培训工程"教学系列) |
| ISBN 7-5628-1191-1:CNY 14.00 |
| ● |
| 相关链接 |
|
|
|
正题名:英语高级口译复习大全
索取号:H315.9/K2911
 
预约/预借
| 序号 | 登录号 | 条形码 | 馆藏地/架位号 | 状态 | 备注 |
| 1 | 397668 | 203976689 | 语言库209/209语言库 39排1列5层/ [索取号:H315.9/K2911] | 在馆 | |
| 2 | 397669 | 203976698 | 语言库209/209语言库 39排1列5层/ [索取号:H315.9/K2911] | 在馆 | |
| 3 | 397670 | 203976705 | 语言库209/209语言库 39排1列5层/ [索取号:H315.9/K2911] | 在馆 |